Đời thay đổi khi chúng ta thay đổi T.5

সংরক্ষণ করুন:
গ্রন্থ-পঞ্জীর বিবরন
প্রধান লেখক: Matthews, Andew
অন্যান্য লেখক: Dũng Tiến (dịch), Thúy Nga (dịch)
বিন্যাস: গ্রন্থ
ভাষা:Vietnamese
প্রকাশিত: Tp. Hồ Chí Minh Trẻ 2016
সংস্করন:Tái bản lần thứ 28
বিষয়গুলি:
ট্যাগগুলো: ট্যাগ যুক্ত করুন
কোনো ট্যাগ নেই, প্রথমজন হিসাবে ট্যাগ করুন!
Thư viện lưu trữ: Trung tâm Học liệu Lê Vũ Hùng, Trường Đại học Đồng Tháp
LEADER 00938aam a22002898a 4500
001 00035136
005 20171026081025.0
008 161121s2016 ||||||viesd
020 # # |c 35000  |a 976 604 1 00631 7 
041 0 # |a vie 
082 1 4 |a 158  |b Đ462T 
100 1 # |a Matthews, Andew 
245 1 0 |a Đời thay đổi khi chúng ta thay đổi  |c Andew Matthews; Dũng Tiến, Thúy Nga dịch  |n T.5 
250 # # |a Tái bản lần thứ 28 
260 # # |a Tp. Hồ Chí Minh  |b Trẻ  |c 2016 
300 # # |a 126tr.  |c 21cm. 
650 # 4 |a Kỹ năng sống 
653 # # |a Bí quyết thành công 
653 # # |a Lối sống 
653 # # |a Thành công 
700 1 # |a Dũng Tiến  |e dịch 
700 1 # |a Thúy Nga  |e dịch 
852 # # |b Kho đọc  |j KD.0018852 
852 # # |j KD.0018852 
910 |d 21/11/2016 
980 # # |a Trung tâm Học liệu Lê Vũ Hùng, Trường Đại học Đồng Tháp